Giáo trình lý thuyết tài chính - tiền tệ Phần 1
Kiến thức cơ bản về tiền tệ; Chế độ tiền tệ; Vấn đề cung - cầu tiền tệ; Lạm phát; Những vấn đề cơ bản về tài chính và hệ thống tài chính; Thị trường tài chính; Tín dụng, ngân hàng và chính sách tài chính quốc gia....
Gorde:
| Egile nagusia: | |
|---|---|
| Formatua: | Liburua |
| Hizkuntza: | Vietnamese |
| Argitaratua: |
Cà Mau
Phương đông
2012
|
| Edizioa: | Tái bản lần 3 |
| Gaiak: | |
| Etiketak: |
Etiketa erantsi
Etiketarik gabe, Izan zaitez lehena erregistro honi etiketa jartzen!
|
| Thư viện lưu trữ: | Thư viện Trường Đại học Nam Cần Thơ |
|---|
| LEADER | 01122aam a22002058a 4500 | ||
|---|---|---|---|
| 001 | NCT_57028 | ||
| 008 | 160713s2016 ||||||viesd | ||
| 999 | |c 2753 |d 2753 | ||
| 020 | |c 68000 | ||
| 082 | 0 | 4 | |2 23rd ed. |a 332.4076 |b C506 |
| 100 | 1 | |a Phan Thị Cúc | |
| 245 | 1 | 0 | |a Giáo trình lý thuyết tài chính - tiền tệ |n Phần 1 |c Phan Thị Cúc |
| 250 | |a Tái bản lần 3 | ||
| 260 | |a Cà Mau |b Phương đông |c 2012 | ||
| 300 | |a 267tr. |c 24 cm | ||
| 520 | 3 | |a Kiến thức cơ bản về tiền tệ; Chế độ tiền tệ; Vấn đề cung - cầu tiền tệ; Lạm phát; Những vấn đề cơ bản về tài chính và hệ thống tài chính; Thị trường tài chính; Tín dụng, ngân hàng và chính sách tài chính quốc gia. | |
| 653 | |a Tài chính - Ngân hàng | ||
| 942 | |2 ddc |c BK | ||
| 952 | |0 0 |1 0 |2 ddc |4 0 |6 332_407600000000000_C506 |7 0 |9 15176 |a 000001 |b 000001 |d 2019-01-11 |o 332.4076 C506 |p MD.14106 |r 2019-01-11 |v 68000.00 |w 2019-01-11 |y BK | ||
| 980 | |a Thư viện Trường Đại học Nam Cần Thơ | ||